000 00284nam a2200109Ia 4500
008 220204s9999 xx 000 0 und d
082 _a547
_bISA
100 _aIssacs, Neil S
245 0 _aReactive intermediates in organic chemistry
260 _aLondon
_bJohn Wiley
_c1974
942 _cBK
999 _c31605
_d31605